000 00823nam a2200193 i 4500
001 78380
003 ES-MaACL
005 20230906173659.0
007 t|
008 041014s1926 fr ||||1| fre d
100 1 _aHatzfeld, Adolphe.
_962078
245 1 0 _aDictionnaire général de la langue française du commencement du XVII siècle jusqu'a nos jours
_b: précedé d'un traité de la formation de la langue... /
_cpar M.M. Adolphe Hatzfeld... et Arsene Darmesteter... avec le concours de M. Antoine Thomas...
260 _aParis :
_b[s.n.],
_c1926 (
_eVillafranche de Romerge :
_fSoc. Auou. d'Imprimerie)
300 _a2 v. ;
_c28 cm.
650 4 _aLengua francesa-
_vDiccionarios.
_914205
700 1 _aThomas, Antoine.
_9109997
700 1 _aDarmesteter, Arsène (
_d1846-1888)
_942735
852 _aES-MaACL
_jB-5077-78
999 _c78380
_d78380